Business intelligence and analytics / (Record no. 230698)

MARC details
000 -LEADER
fixed length control field 00920nam a2200289Ia 4500
005 - DATE AND TIME OF LATEST TRANSACTION
control field 20240411144032.0
008 - FIXED-LENGTH DATA ELEMENTS--GENERAL INFORMATION
fixed length control field 210716s2011 xx 000 0 und d
020 ## - INTERNATIONAL STANDARD BOOK NUMBER
International Standard Book Number 9789352866489
040 ## - CATALOGING SOURCE
Transcribing agency AIMIT LIBRARY
041 ## - LANGUAGE CODE
Language code of text/sound track or separate title eng
082 ## - DEWEY DECIMAL CLASSIFICATION NUMBER
Classification number 005.763
Edition number 10
Item number TURE
100 ## - MAIN ENTRY--PERSONAL NAME
Personal name Turban, Efraim.
9 (RLIN) 47654
245 ## - TITLE STATEMENT
Title Business intelligence and analytics /
Statement of responsibility, etc. By By Efraim Turban...[et.al.].
250 ## - EDITION STATEMENT
Edition statement 10th ed.
260 ## - PUBLICATION, DISTRIBUTION, ETC.
Place of publication, distribution, etc. Noida :
Name of publisher, distributor, etc. Pearson India education services Pvt.ltd ,
Date of publication, distribution, etc. 2018.
300 ## - PHYSICAL DESCRIPTION
Extent 686p. ;
Dimensions 25 cm.
Other physical details PB
650 ## - SUBJECT ADDED ENTRY--TOPICAL TERM
Topical term or geographic name entry element Prescriptive anlytics.
9 (RLIN) 47655
650 ## - SUBJECT ADDED ENTRY--TOPICAL TERM
Topical term or geographic name entry element Techniques for predictive modeling.
9 (RLIN) 47656
650 ## - SUBJECT ADDED ENTRY--TOPICAL TERM
9 (RLIN) 47657
700 ## - ADDED ENTRY--PERSONAL NAME
Personal name Sharda, Ramesh.
9 (RLIN) 47658
700 ## - ADDED ENTRY--PERSONAL NAME
Personal name Delen, Dursun.
9 (RLIN) 47659
700 ## - ADDED ENTRY--PERSONAL NAME
Personal name Turban, Efraim.
9 (RLIN) 159675
700 ## - ADDED ENTRY--PERSONAL NAME
Personal name Aronson, J E.
9 (RLIN) 159676
700 ## - ADDED ENTRY--PERSONAL NAME
Personal name Liang Ting-Peng.
9 (RLIN) 159677
700 ## - ADDED ENTRY--PERSONAL NAME
Personal name King, David.
9 (RLIN) 159678
942 ## - ADDED ENTRY ELEMENTS (KOHA)
Source of classification or shelving scheme Dewey Decimal Classification
Koha item type Book
Edition 10th
Call number prefix 005.763 TURE
Holdings
Withdrawn status Lost status Source of classification or shelving scheme Damaged status Not for loan Collection code Home library Current library Date acquired Source of acquisition Cost, normal purchase price Inventory number Total Checkouts Full call number Barcode Date last seen Cost, replacement price Price effective from Koha item type
    Dewey Decimal Classification     MBA St Aloysius Institute of Management & Information Technology St Aloysius Institute of Management & Information Technology 03/09/2024 Biblios Book Point 748.00 Bill no:8339; Bill dt:2024-03-04   005.763 TURE MBA14665 05/23/2026 935.00 04/11/2024 Book